Manual of Malayan silviculture for inland forest part 111 - chapter 8 red Meranti - Keruing forest

Bibliographic Details
Main Author: WYATT-SMITH
Corporate Author: Institut Penyelidikan Perhutanan Malaysia (FRIM)
Format: Book
Published: Kuala Lumpur : Institut Penyelidikan Perhutanan , 1987
Series:Research pamphlet ; no. 101
Subjects:

MARC

LEADER 00000cam a2200000 7i4500
001 0000002999
005 20040331.0
090 0 0 |a RP 634.973   |b WYA 1987 
100 1 0 |a WYATT-SMITH   |h J. 
245 1 0 |a Manual of Malayan silviculture for inland forest part 111 - chapter 8 red Meranti - Keruing forest   |c by J.Wyatt Smith 
260 0 0 |a Kuala Lumpur :   |b Institut Penyelidikan Perhutanan ,   |c 1987 
300 |a 1 vol. (various pagings) ;   |c 29 cm. 
440 0 0 |a Research pamphlet ; no. 101 
650 0 0 |a Keruing 
650 0 0 |a Meranti 
650 0 0 |a Timber   |z Malaysia 
710 1 1 |a Institut Penyelidikan Perhutanan Malaysia (FRIM) 
998 |a JPSM 
999 |a 0000005327   |b Monograph   |c Open Shelf   |e Default branch 
999 |a 0000005328   |b Monograph   |c Open Shelf   |e Default branch